Minnesota United Players - Statistics

General Stats
  • This quiz has been taken 8 times
    3 since last reset
  • The average score is 46 of 142
Answer Stats
Answer Position(s) Nationality Matches Goals Assists Tenure % Correct
Bongokuhle Hlongwane MF/FW South Africa 135 33 16 2022-
100%
Dayne St. Clair GK Canada 142 0 2 2019-
100%
Joseph Rosales DF/MF Honduras 112 5 15 2021-
100%
Michael Boxall DF New Zealand 264 8 2 2017-
100%
Robin Lod MF/FW Finland 168 38 26 2019-
100%
Wil Trapp MF USA 155 4 2 2021-
100%
Ángelo Rodríguez FW Colombia 43 13 6 2018-19
67%
Anthony Markanich Jr. DF/MF USA 28 8 2 2024-
67%
Bakaye Dibassy DF Mali 79 4 0 2020-23
67%
Bobby Shuttleworth GK USA 60 0 0 2017-19
67%
Brent Kallman DF USA 123 7 1 2017-23
67%
Carlos Harvey MF Panama 46 1 5 2024-
67%
Chase Gasper DF USA 77 2 2 2019-22
67%
Christian Ramirez FW USA 52 21 5 2017-18
67%
Emanuel Reynoso MF Argentina 101 27 29 2020-24
67%
Francisco Calvo DF Costa Rica 60 5 4 2017-19
67%
Hassani Dotson DF/MF/FW USA 169 18 16 2019-
67%
Ibson MF Brazil 59 4 3 2017-18
67%
James Rodríguez MF Colombia 1 0 0 2026-
67%
Ján Greguš MF Slovakia 86 5 17 2019-21, 2023
67%
Jefferson Díaz DF Colombia 34 0 4 2024-
67%
Jérôme Thiesson DF Switzerland 48 2 3 2017-18
67%
Joaquín Pereyra MF/FW Argentina 36 2 10 2024-
67%
Johan Venegas FW Costa Rica 21 2 5 2017-18
67%
Kei Kamara FW Sierra Leone 9 1 0 2020
67%
Kelvin Yeboah FW Italy 38 21 3 2024-
67%
Kervin Arriaga MF Honduras 65 6 3 2024-25
67%
Kevin Molino MF/FW Trinidad 75 25 19 2017-20
67%
Kevin Venegas DF/MF USA 8 0 0 2017
67%
Luis Amarilla FW Paraguay 61 15 5 2020, 2022-23
67%
Marc Burch DF USA 22 0 0 2017-18
67%
Miguel Ibarra MF/FW USA 88 12 12 2017-19
67%
Morris Duggan DF Germany 21 0 1 2024-
67%
Nectarios Triantis MF Australia 1 1 1 2025-
67%
Nicolás Romero DF Argentina 22 0 4 2025-
67%
Osvaldo Alonso MF Cuba 72 3 0 2019-21
67%
Rasmus Schüller MF Finland 55 1 3 2017-19
67%
Romaine Métanire DF Madagascar 84 1 11 2019-22
67%
Romario Ibarra MF/FW Ecuador 17 5 0 2018-20
67%
Sam Cronin MF USA 18 0 1 2017-18
67%
Sam Nicholson MF/FW Scotland 20 2 1 2017-18
67%
Sang-bin Jeong MF/FW South Korea 82 7 5 2023-25
67%
Tani Oluwaseyi FW Canada 56 17 13 2022-
67%
Tyrone Mears DF England 13 1 0 2017-18
67%
Vadim Demidov DF Norway 3 0 0 2017
67%
Vito Mannone GK Italy 40 0 0 2019
67%
Wessel Speel GK Netherlands 5 0 0 2025-
67%
Aaron Schoenfeld FW Israel 18 1 0 2020
33%
Abu Danladi MF/FW Ghana 93 14 5 2017-19, 2022
33%
Adrien Hunou MF/FW France 39 9 1 2021-22
33%
Alec Smir GK USA 5 0 0 2024-
33%
Alejandro Bran MF Costa Rica 13 1 0 2024-
33%
Alexi Gómez MF/FW Peru 19 0 0 2018
33%
Darius Randell MF/FW USA 4 1 0 2025-
33%
Darwin Quintero MF/FW Colombia 64 27 20 2018-19
33%
Devin Padelford DF USA 41 1 0 2022-
33%
D.J. Taylor DF USA 108 1 4 2021-
33%
Eric Miller DF USA 28 0 1 2018-19
33%
Ethan Bristow DF/MF St Kitts 12 0 0 2023-25
33%
Ethan Finlay MF/FW USA 107 20 10 2017-21
33%
Franco Fragapane MF/FW Argentina 111 16 19 2021-24
33%
Frantz Pangop FW Cameroon 11 0 0 2018
33%
Harrison Heath MF England 4 0 0 2018
33%
Ho-yeon Jung MF South Korea 6 0 0 2025-
33%
Ike Opara DF USA 37 5 1 2019-21
33%
Ismaila Jome DF Gambia 13 0 0 2017
33%
Jermaine Taylor DF Jamaica 14 0 0 2017
33%
John Alvbåge GK Sweden 3 0 0 2017
33%
Jonathan González MF Mexico 8 1 0 2022
33%
José Aja DF Uruguay 16 1 2 2020
33%
Jukka Raitala DF Finland 9 0 0 2021
33%
Julian Gressel DF/MF/FW USA 18 1 4 2025-
33%
Mamadou Dieng FW Senegal 1 0 0 2025-
33%
Miguel Tapias DF Mexico 65 1 0 2023-24
33%
Noah Billingsley DF New Zealand 1 0 0 2020-21
33%
Owen Gene MF Guadaloupe 17 0 0 2025-
33%
Patrick Weah FW Libya 5 0 0 2021-24
33%
Ramón Ábila FW Argentina 10 2 0 2021
33%
Teemu Pukki FW Finland 43 14 2 2023-24
33%
Thomás Chacón MF Uruguay 6 0 0 2019-22
33%
Tomás Chancalay MF/FW Argentina 1 0 0 2026-
33%
Troy Putt MF/FW New Zealand 1 0 0 2026-
33%
Tyler Miller GK USA 43 0 0 2020-22
33%
Victor Eriksson DF Sweden 4 0 0 2024
33%
Zarek Valentin DF Puerto Rico 31 0 2 2023-24
33%
Alan Benítez DF Paraguay 12 1 2 2022
0%
Aziel Jackson MF USA 2 0 0 2021-22
0%
Babacar Niang MF Senegal 1 0 0 2025-
0%
Bashkim Kadrii MF/FW Denmark 12 0 0 2017
0%
Brandon Allen FW USA 1 0 0 2017
0%
Britton Fischer DF USA 1 0 0 2023-
0%
Caden Clark MF/FW USA 23 0 0 2024
0%
Cameron Dunbar MF/FW USA 5 0 1 2023
0%
Carter Manley DF USA 12 0 1 2018-19
0%
Clint Irwin GK USA 12 0 0 2023-24
0%
Collen Warner MF USA 45 1 1 2017-18
0%
Collin Martin MF USA 30 0 1 2017-19
0%
Curt Calov MF USA 1 0 0 2025-
0%
Dominik Fitz MF/FW Austria 1 0 0 2025-
0%
Drake Callender GK USA 1 0 0 2026-
0%
Emmanuel Iwe MF/FW USA 5 1 0 2023
0%
Eric Dick GK USA 1 0 0 2022-23
0%
Fanendo Adi FW Nigeria 10 1 0 2021
0%
Fernando Bob MF Brazil 7 0 0 2018
0%
Foster Langsdorf FW USA 2 0 0 2020-21
0%
Greg Ranjitsingh GK Trinidad 3 0 0 2020
0%
Hugo Bacharach DF/MF Spain 3 0 0 2024
0%
Ismael Tajouri-Shradi MF/FW Libya 11 1 2 2023
0%
Jacori Hayes MF USA 41 2 2 2020-22
0%
James Musa DF/MF New Zealand 6 0 0 2020
0%
Joe Greenspan DF USA 5 0 0 2017
0%
Jordan Adebayo-Smith MF/FW USA 11 0 0 2024-
0%
José Leitón MF/FW Costa Rica 1 0 0 2017-18
0%
Juan Agudelo FW USA 13 0 0 2021
0%
Justin Davis DF USA 9 0 0 2017
0%
Justin McMaster MF/FW Jamaica 7 0 1 2021-22
0%
Kage Romanshyn Jr. MF USA 1 0 0 2024-
0%
Kemar Lawrence DF Jamaica 44 1 2 2022-23
0%
Kieran Chandler DF USA 2 0 0 2024-
0%
Kyle Duncan DF USA 1 0 0 2026-
0%
Lawrence Olum DF/MF Kenya 12 0 1 2019
0%
Loïc Mesanvi MF/FW Tongo 9 0 1 2024-
0%
Luiz Fernando MF Brazil 12 0 0 2018
0%
Luke Hille MF/FW USA 2 0 0 2025-
0%
Marlon Hairston DF/MF USA 13 1 0 2020
0%
Mason Toye FW USA 50 10 2 2018-20
0%
Matt Lampson GK USA 9 0 0 2018
0%
Mauricio González MF/FW Colombia 1 0 0 2026-
0%
Ménder García MF/FW Colombia 46 4 1 2022-23
0%
Mikael Marqués DF Sweden 1 0 0 2023-24
0%
Mohammed Saeid MF Eritrea 3 0 0 2017
0%
Moses Nyeman MF USA 4 0 0 2024
0%
Nabi Kibunguchy DF Kenya 5 0 0 2021-22
0%
Niko Hansen MF/FW Denmark 20 1 2 2021-22
0%
Oniel Fisher DF/MF Jamaica 15 0 0 2022
0%
Patrick McLain GK USA 1 0 0 2017
0%
Raheem Edwards DF/MF/FW Canada 15 0 2 2020
0%
Rory O'Driscoll MF USA 1 0 0 2024
0%
Samuel Shashoua MF/FW England 10 0 0 2024-
0%
Wilfried Moimbé DF France 4 0 0 2019
0%
Wyatt Omsberg DF USA 8 0 0 2018-20
0%
Zaydan Bello MF Australia 1 0 0 2023
0%
No matching quizzes found
Score Distribution
Percent of People with Each Score
Percentile by Number Answered
Your Score History
You have not taken this quiz since the last reset